<?xml version="1.0" encoding="UTF-8"?>
<record
    xmlns:xsi="http://www.w3.org/2001/XMLSchema-instance"
    xsi:schemaLocation="http://www.loc.gov/MARC21/slim http://www.loc.gov/standards/marcxml/schema/MARC21slim.xsd"
    xmlns="http://www.loc.gov/MARC21/slim">

  <leader>01528namaa22003131i 4500</leader>
  <controlfield tag="005">20260302123519.0</controlfield>
  <controlfield tag="008">260120s1995    ua a|||frm||| 000 0 eng d</controlfield>
  <datafield tag="040" ind1=" " ind2=" ">
    <subfield code="a">EG-GICUC</subfield>
    <subfield code="b">eng</subfield>
    <subfield code="c">EG-GICUC</subfield>
    <subfield code="d">EG-GICUC</subfield>
    <subfield code="e">rda</subfield>
  </datafield>
  <datafield tag="041" ind1="0" ind2=" ">
    <subfield code="a">eng</subfield>
    <subfield code="b">eng</subfield>
    <subfield code="b">ara</subfield>
  </datafield>
  <datafield tag="049" ind1=" " ind2=" ">
    <subfield code="a">Deposit</subfield>
  </datafield>
  <datafield tag="097" ind1=" " ind2=" ">
    <subfield code="a">Ph.D</subfield>
  </datafield>
  <datafield tag="099" ind1=" " ind2=" ">
    <subfield code="a">Cai01.16.01.Ph.D.1995.Ze.S</subfield>
  </datafield>
  <datafield tag="100" ind1="0" ind2=" ">
    <subfield code="a">Zeinab Mohamed Saleh Abd El-Moien,</subfield>
    <subfield code="e">preparation.</subfield>
  </datafield>
  <datafield tag="245" ind1="1" ind2="0">
    <subfield code="a">Some comparative anatomical studies of the abdominal wall in carnivores (Dog), small ruminants (Goat) and equines (Donkey) /</subfield>
    <subfield code="c">By Zeinab Mohamed Saleh Abd El-Moien; Supervision Prof. Dr. M.S. El-Din M. Moustafa, Dr. M. R. A. Gad</subfield>
  </datafield>
  <datafield tag="246" ind1="1" ind2="5">
    <subfield code="a">&#x628;&#x639;&#x636; &#x627;&#x644;&#x62F;&#x631;&#x627;&#x633;&#x627;&#x62A; &#x627;&#x644;&#x62A;&#x634;&#x631;&#x64A;&#x62D;&#x64A;&#x629; &#x627;&#x644;&#x645;&#x642;&#x627;&#x631;&#x646;&#x629; &#x639;&#x644;&#x64A; &#x62C;&#x62F;&#x627;&#x631; &#x627;&#x644;&#x628;&#x637;&#x646; &#x641;&#x64A; &#x627;&#x644;&#x644;&#x627;&#x62D;&#x645;&#x627;&#x62A; (&#x627;&#x644;&#x643;&#x644;&#x627;&#x628;) &#x627;&#x644;&#x645;&#x62C;&#x62A;&#x631;&#x627;&#x62A; &#x627;&#x644;&#x635;&#x63A;&#x64A;&#x631;&#x629; (&#x627;&#x644;&#x645;&#x627;&#x639;&#x632;) &#x648;&#x627;&#x644;&#x641;&#x635;&#x64A;&#x644;&#x629; &#x627;&#x644;&#x62E;&#x64A;&#x644;&#x64A;&#x629; (&#x627;&#x644;&#x62D;&#x645;&#x64A;&#x631;)</subfield>
  </datafield>
  <datafield tag="264" ind1=" " ind2="0">
    <subfield code="c">1995.</subfield>
  </datafield>
  <datafield tag="300" ind1=" " ind2=" ">
    <subfield code="a">218 Leaves :</subfield>
    <subfield code="b">illustrations </subfield>
    <subfield code="c">30 cm. + </subfield>
  </datafield>
  <datafield tag="336" ind1=" " ind2=" ">
    <subfield code="2">rda content</subfield>
    <subfield code="a">text</subfield>
  </datafield>
  <datafield tag="337" ind1=" " ind2=" ">
    <subfield code="2">rdamedia</subfield>
    <subfield code="a">Unmediated</subfield>
  </datafield>
  <datafield tag="338" ind1=" " ind2=" ">
    <subfield code="2">rdacarrier</subfield>
    <subfield code="a">volume</subfield>
  </datafield>
  <datafield tag="502" ind1=" " ind2=" ">
    <subfield code="a">Thesis (Ph.D.)-Cairo University, 1995.</subfield>
  </datafield>
  <datafield tag="504" ind1=" " ind2=" ">
    <subfield code="a">Bibliography: pages 204-218</subfield>
  </datafield>
  <datafield tag="653" ind1=" " ind2="0">
    <subfield code="a">abdominal wall in carnivores (Dog)equines (Donkey)</subfield>
    <subfield code="a">small ruminants (Goat)</subfield>
  </datafield>
  <datafield tag="700" ind1="0" ind2=" ">
    <subfield code="a">M.S. El-Din M. Moustafa</subfield>
    <subfield code="e">thesis advisor.</subfield>
  </datafield>
  <datafield tag="700" ind1="0" ind2=" ">
    <subfield code="a">M. R. A. Gad</subfield>
    <subfield code="e">thesis advisor.</subfield>
  </datafield>
  <datafield tag="900" ind1=" " ind2=" ">
    <subfield code="D">Department of Anatomy</subfield>
    <subfield code="F">Faculty of Veterinary Medicine</subfield>
    <subfield code="U">Cairo University</subfield>
    <subfield code="b">1995</subfield>
    <subfield code="c">M.S. El-Din M. Moustafa</subfield>
    <subfield code="c"> M. R. A. Gad</subfield>
  </datafield>
  <datafield tag="905" ind1=" " ind2=" ">
    <subfield code="a">Nehad</subfield>
    <subfield code="e">Nourhan</subfield>
  </datafield>
  <datafield tag="942" ind1=" " ind2=" ">
    <subfield code="2">ddc</subfield>
    <subfield code="c">TH</subfield>
    <subfield code="e">21</subfield>
    <subfield code="n">0</subfield>
  </datafield>
  <datafield tag="999" ind1=" " ind2=" ">
    <subfield code="c">177884</subfield>
  </datafield>
  <datafield tag="952" ind1=" " ind2=" ">
    <subfield code="2">ddc</subfield>
    <subfield code="9">313948</subfield>
    <subfield code="a">CUCL</subfield>
    <subfield code="b">100</subfield>
    <subfield code="d">2026-01-20</subfield>
    <subfield code="i">27332</subfield>
    <subfield code="o">Cai01.16.01.Ph.D.1995.Ze.S</subfield>
    <subfield code="p">01010110027332000</subfield>
    <subfield code="r">2026-01-20 11:59:23</subfield>
    <subfield code="w">2026-01-20</subfield>
    <subfield code="y">TH</subfield>
  </datafield>
</record>
